| 000 | 01000nam a2200301 c 4500 | ||
|---|---|---|---|
| 001 | 6680 | ||
| 003 | ES-MaCES | ||
| 005 | 20150925135747.0 | ||
| 008 | 980330s1998 mx ||| | spa d | ||
| 035 | _aCES19980067418m | ||
| 040 |
_aES-MaCES _bspa _cES-MaCES |
||
| 245 | 0 | 0 | _aNota informativa sobre el modelo sindical mexicano |
| 260 |
_aMéxico _bEmbajada de España en México, Consejería Laboral y de Asuntos Sociales _c1998 |
||
| 300 |
_a6 h. _c28 cm |
||
| 500 | _aTít. tomado de la cub. | ||
| 541 | _cGratuito | ||
| 650 | 4 |
_aactitud sindical _929839 |
|
| 650 | 4 |
_asindicalismo _929453 |
|
| 650 | 4 |
_asindicalización _929454 |
|
| 650 | 4 |
_atrabajador sindicalizado _929645 |
|
| 650 | 4 |
_aMéxico _926884 |
|
| 653 | 1 | 0 | _aRelaciones laborales-Empleo |
| 650 | 4 |
_928377 _asindicato |
|
| 710 | 1 |
_aEspaña _bEmbajada (México) _bConsejería Laboral y de Asuntos Sociales _eed. _92872 |
|
| 902 | _aDOC Literatura gris | ||
| 942 |
_2CES _cBK _h2.0. |
||
| 999 |
_c6680 _d6680 |
||